<?xml version="1.0" encoding="UTF-8"?>
<record
    xmlns:xsi="http://www.w3.org/2001/XMLSchema-instance"
    xsi:schemaLocation="http://www.loc.gov/MARC21/slim http://www.loc.gov/standards/marcxml/schema/MARC21slim.xsd"
    xmlns="http://www.loc.gov/MARC21/slim">

  <leader>02952cam a22002537a 4500</leader>
  <datafield tag="020" ind1=" " ind2=" ">
    <subfield code="a">9789251068878</subfield>
  </datafield>
  <datafield tag="020" ind1=" " ind2=" ">
    <subfield code="a">9251068879</subfield>
  </datafield>
  <datafield tag="040" ind1=" " ind2=" ">
    <subfield code="c">NLE</subfield>
  </datafield>
  <datafield tag="082" ind1="0" ind2="0">
    <subfield code="a">577 AGR 2001 C153 Or.</subfield>
  </datafield>
  <datafield tag="245" ind1="0" ind2="0">
    <subfield code="a">Africa and the carbon cycle :</subfield>
    <subfield code="b">proceedings of the Open Science Conference on "Africa and Carbon Cycle : the CarboAfrica project" : Accra (Ghana) 25-27 November 2008 /</subfield>
  </datafield>
  <datafield tag="260" ind1=" " ind2=" ">
    <subfield code="a">Rome :</subfield>
    <subfield code="b">Food and Agriculture Organization of the United Nations,</subfield>
    <subfield code="c">2011.</subfield>
  </datafield>
  <datafield tag="300" ind1=" " ind2=" ">
    <subfield code="a">xi, 224 p. :</subfield>
    <subfield code="b">col. ill., col. maps ;</subfield>
    <subfield code="c">30 cm.</subfield>
  </datafield>
  <datafield tag="490" ind1="1" ind2=" ">
    <subfield code="a">World soil resources reports,</subfield>
  </datafield>
  <datafield tag="520" ind1=" " ind2=" ">
    <subfield code="a">"A peer reviewed selection of articles derived from the presentations and posters showed at the Open Science Conference "Africa and Carbon Cycle", Accra, Ghana (25-27 November 2008) is presented. The Conference brought together about 100 participants from 28 nations, mainly from Africa and Europe, presenting issues related to the following sessions: i. Keynote speeches on Africa and Global Carbon Cycle; ii. Terrestrial Carbon Observations in Africa and Ecosystem fluxes; iii. Soil and Vegetation: Carbon and GHGs emissions in Africa; iv. Biogeochemical Modelling; v. Carbon sequestration and reduced emissions potentialities in Africa; vi. Demonstration projects and developing capacities in Africa A poster session was also organized especially to give visibility to African students and young researchers. Contributors belong both to the CarboAfrica consortium and other African or international initiatives.  The conference focused on Africa's contribution to the global carbon cycle and climate system through an overview of the carbon related studies in sub- Saharan Africa carried out both by the project CarboAfrica and other African and international initiatives. The Conference showed the high number of initiatives currently ongoing in Africa, related to the study of all the component of the carbon cycle, from science to socio-economic issues, and considering all natural components, from soil to the atmosphere, through terrestrial ecosystems. In spite of the high number of efforts and of the important results already achieved, it was evident that there is still a strong need for continued and enhanced observations of Africa's carbon stocks and fluxes. The CarboAfrica network has been building a large partnership of relevant African and international institutions especially to meet this need. CarboAfrica will provide a future unique data set to enable a more precise assessment of Africa's carbon balance and its sensitivity to natural and anthropogenic pressures and future climate."--Summary.</subfield>
  </datafield>
  <datafield tag="650" ind1=" " ind2="0">
    <subfield code="a">Carbon sequestration</subfield>
  </datafield>
  <datafield tag="650" ind1=" " ind2="0">
    <subfield code="a">Carbon cycle (Biogeochemistry)</subfield>
  </datafield>
  <datafield tag="650" ind1=" " ind2="0">
    <subfield code="a">Greenhouse gases</subfield>
  </datafield>
  <datafield tag="650" ind1=" " ind2="0">
    <subfield code="a">Climatic changes</subfield>
  </datafield>
  <datafield tag="700" ind1="1" ind2=" ">
    <subfield code="a">Bombelli, A.</subfield>
  </datafield>
  <datafield tag="700" ind1="1" ind2=" ">
    <subfield code="a">Valentini, R.</subfield>
  </datafield>
  <datafield tag="710" ind1="2" ind2=" ">
    <subfield code="a">Food and Agriculture Organization of the United Nations.</subfield>
  </datafield>
  <datafield tag="856" ind1="4" ind2="1">
    <subfield code="u">http://www.fao.org/docrep/014/i2240e/i2240e.pdf</subfield>
  </datafield>
  <datafield tag="942" ind1=" " ind2=" ">
    <subfield code="c">AEDBB</subfield>
  </datafield>
  <datafield tag="999" ind1=" " ind2=" ">
    <subfield code="c">18895</subfield>
    <subfield code="d">18895</subfield>
  </datafield>
  <datafield tag="952" ind1=" " ind2=" ">
    <subfield code="0">0</subfield>
    <subfield code="1">0</subfield>
    <subfield code="4">0</subfield>
    <subfield code="6">577_000000000000000_AGR_2001_C153_OR</subfield>
    <subfield code="7">0</subfield>
    <subfield code="9">83563</subfield>
    <subfield code="a">LBC</subfield>
    <subfield code="b">LBC</subfield>
    <subfield code="d">2020-02-07</subfield>
    <subfield code="e">A38499</subfield>
    <subfield code="o">577 AGR 2001 C153 Or.</subfield>
    <subfield code="r">2020-02-07</subfield>
    <subfield code="y">EK</subfield>
  </datafield>
</record>
